<?xml version="1.0" encoding="UTF-8"?>
<marc:record xmlns:marc="http://www.loc.gov/MARC21/slim">
   <marc:leader>00000nam a2200000 a 4500</marc:leader>
   <marc:datafield ind1="1" ind2=" " tag="100">
      <marc:subfield code="a">Wagner, Sophia</marc:subfield>
      <marc:subfield code="4">aut</marc:subfield>
      <marc:subfield code="e">Verfasser/-in</marc:subfield>
   </marc:datafield>
   <marc:datafield ind1="0" ind2="0" tag="245">
      <marc:subfield code="a">Lecker Lava</marc:subfield>
   </marc:datafield>
   <marc:datafield ind1=" " ind2="1" tag="264">
      <marc:subfield code="a">Berlin</marc:subfield>
      <marc:subfield code="b">Schmidt Spiele</marc:subfield>
      <marc:subfield code="c">2023</marc:subfield>
   </marc:datafield>
   <marc:datafield ind1="1" ind2=" " tag="520">
      <marc:subfield code="a">Was essen kleine Drachen am liebsten? Glühende, flüssige Vulkanlava, von der sie nicht genug bekommen können. Beim neuen Kinderspiel &#x84;Lecker Lava&#x93; von Drei Magier schlüpfen zwei bis vier Spielende in die Rolle der fliegenden Wesen, die versuchen, am meisten von ihrer Leibspeise abzubekommen. Je heißer die Lava, desto besser mundet sie, was zu mehr Punkten führt. Vermeiden sollten die kleinen Drachen die erkaltete Lava, die schwer im Magen liegt und am Ende sogar den Sieg kosten kann. Das neue Aktionsspiel aus der Feder von Sophia Wagner ist für Spielende ab fünf Jahren geeignet.</marc:subfield>
   </marc:datafield>
   <marc:datafield ind1="3" ind2=" " tag="024">
      <marc:subfield code="a">4001504408954</marc:subfield>
   </marc:datafield>
   <marc:datafield ind1=" " ind2=" " tag="041">
      <marc:subfield code="a">ger</marc:subfield>
   </marc:datafield>
</marc:record>
